书目信息 |
| 题名: |
碧玺鉴定与选购从新手到行家
|
|
| 作者: | 胡葳 编著 | |
| 分册: | ||
| 出版信息: | 北京 文化发展出版社有限公司 2015.09 |
|
| 页数: | 189页 | |
| 开本: | 21cm | |
| 丛书名: | “从新手到行家”系列丛书 | |
| 单 册: | ||
| 中图分类: | P578.953 | |
| 科图分类: | ||
| 主题词: | 电气石--鉴赏--基本知识 | |
| 电子资源: | ||
| ISBN: | 978-7-5142-1202-0 | |
| 000 | 00956oam2 2200253 450 | |
| 001 | 5117 | |
| 005 | 20181014103719.95 | |
| 010 | @a978-7-5142-1202-0@dCNY49.00 | |
| 100 | @a20151126d2015 em y0chiy50 ea | |
| 101 | 0 | @achi |
| 102 | @aCN@b110000 | |
| 105 | @aa az 000yy | |
| 200 | 1 | @a碧玺鉴定与选购从新手到行家@9bi xi jian ding yu xuan gou cong xin shou dao hang jia@f胡葳编著 |
| 210 | @a北京@c文化发展出版社有限公司@d2015.09 | |
| 215 | @a189页@c照片@d21cm | |
| 225 | 0 | @a“从新手到行家”系列丛书 |
| 320 | @a有书目(第187-189页) | |
| 330 | @a本书旨在通过介绍碧玺的基本知识,包括宝石学性质、品种、产地、鉴定、购买投资注意事项等,用较为通俗易懂的语言对碧玺的来源分类、价值评估、真伪辨别、收藏鉴赏等实用信息进行尽可能详细和全面的系统讲解。 | |
| 461 | 0 | @12001 @a“从新手到行家”系列丛书 |
| 606 | 0 | @a电气石@x鉴赏@x基本知识 |
| 690 | @aP578.953@v5 | |
| 701 | 0 | @a胡葳@9hu wei@4编著 |
| 801 | 0 | @aCN@b91MARC@c20151126 |
| 905 | @aMuseLib@dP578.953@e137 | |
| 碧玺鉴定与选购从新手到行家/胡葳编著.-北京:文化发展出版社有限公司,2015.09 |
| 189页:照片;21cm.-(“从新手到行家”系列丛书) |
| ISBN 978-7-5142-1202-0:CNY49.00 |
| 本书旨在通过介绍碧玺的基本知识,包括宝石学性质、品种、产地、鉴定、购买投资注意事项等,用较为通俗易懂的语言对碧玺的来源分类、价值评估、真伪辨别、收藏鉴赏等实用信息进行尽可能详细和全面的系统讲解。 |
| ● |
| 相关链接 |
|
|
|
|
正题名:碧玺鉴定与选购从新手到行家
索取号:P578.953/137
 
预约/预借
| 序号 | 登录号 | 条形码 | 馆藏地/架位号 | 状态 | 备注 |
| 1 | 1128209 | 211282093 | 第二样本阅览室/ [索取号:P578.953/137] | 在馆 | |
| 2 | 1128210 | 211282100 | 第三借阅区/ [索取号:P578.953/137] | 在馆 | |
| 3 | 1128211 | 211282119 | 第三借阅区/ [索取号:P578.953/137] | 在馆 | |
| 4 | 1128212 | 211282128 | 密集书库-资源管理系/ [索取号:P578.953/137] | 在馆 | |
| 5 | 1128213 | 211282137 | 第三借阅区/ [索取号:P578.953/137] | 在馆 |